مكتبة جامعة عجلون الوطنية

فهرس بحث المكتبة

إدارة المنشآت السياحية والفندقية (Record no. 26095)

MARC details
000 -LEADER
fixed length control field 00768nam a2200253Ii 4500
003 - CONTROL NUMBER IDENTIFIER
control field JO-AjNU
005 - DATE AND TIME OF LATEST TRANSACTION
control field 20240629112928.0
008 - FIXED-LENGTH DATA ELEMENTS--GENERAL INFORMATION
fixed length control field 230605s9999||||xx |||||||||||||| ||und||
017 ## - COPYRIGHT OR LEGAL DEPOSIT NUMBER
Copyright or legal deposit number 2007/11/3476
020 ## - INTERNATIONAL STANDARD BOOK NUMBER
International Standard Book Number 978-9957-499-18-1
040 ## - CATALOGING SOURCE
Original cataloging agency JO-AjNU
Language of cataloging ara
Description conventions rda
Transcribing agency JO-AjNU
041 ## - LANGUAGE CODE
Language code of text/sound track or separate title ara
050 14 - LIBRARY OF CONGRESS CALL NUMBER
Classification number G155.A1.A2298 2008
100 3# - MAIN ENTRY--PERSONAL NAME
Personal name عبوي، زيد منير,
Relator term author
9 (RLIN) 51053
245 00 - TITLE STATEMENT
Title إدارة المنشآت السياحية والفندقية
250 ## - EDITION STATEMENT
Edition statement ط1
264 31 - PRODUCTION, PUBLICATION, DISTRIBUTION, MANUFACTURE, AND COPYRIGHT NOTICE
Place of production, publication, distribution, manufacture عمان: دار الراية، 2008
300 ## - PHYSICAL DESCRIPTION
Extent 238ص
336 ## - CONTENT TYPE
Content type term text
Content type code txt
Source rdacontent
337 ## - MEDIA TYPE
Media type term unmediated
Media type code n
Source rdamedia
338 ## - CARRIER TYPE
Carrier type term volume
Carrier type code nc
Source rdacarrier
650 #4 - SUBJECT ADDED ENTRY--TOPICAL TERM
Topical term or geographic name entry element الفنادق-ادارة-السياحة - ادارة
9 (RLIN) 51054
942 ## - ADDED ENTRY ELEMENTS (KOHA)
Source of classification or shelving scheme Library of Congress Classification
Koha item type Books
Holdings
Withdrawn status Lost status Source of classification or shelving scheme Damaged status Not for loan Home library Current library Shelving location Date acquired Total Checkouts Full call number Barcode Date last seen Price effective from Koha item type
    Library of Congress Classification     مكتبة جامعة عجلون الوطنية مكتبة جامعة عجلون الوطنية المجموعات العامة 29/06/2024   G155.A1.A2298 2008 A22527 06/06/2023 06/06/2023 Books